Mathematical methods in chemical engineering (Record no. 25039)

000 -LEADER
fixed length control field 00548nam a22002051 4500
001 - CONTROL NUMBER
control field 25039
003 - CONTROL NUMBER IDENTIFIER
control field BD-DhUET
008 - FIXED-LENGTH DATA ELEMENTS--GENERAL INFORMATION
fixed length control field 730313s1963 xx 000 0 eng
040 ## - CATALOGING SOURCE
Original cataloging agency DLC
Transcribing agency OClU
Modifying agency BD-DhUET
082 ## - DEWEY DECIMAL CLASSIFICATION NUMBER
Classification number 660.28
Item number JEN/1963
100 ## - MAIN ENTRY--PERSONAL NAME
Personal name Jenson, V. G.
245 10 - TITLE STATEMENT
Title Mathematical methods in chemical engineering
250 ## - EDITION STATEMENT
Edition statement 1st ed.
260 ## - PUBLICATION, DISTRIBUTION, ETC. (IMPRINT)
Place of publication, distribution, etc. London
Name of publisher, distributor, etc. Academic Press
Date of publication, distribution, etc. 1963
300 ## - PHYSICAL DESCRIPTION
Extent xi, 556 p.
Other physical details illus.
Dimensions 24cm.
504 ## - BIBLIOGRAPHY, ETC. NOTE
Bibliography, etc Includes bibliographies
650 #0 - SUBJECT ADDED ENTRY--TOPICAL TERM
Topical term or geographic name as entry element Chemical engineering
700 ## - ADDED ENTRY--PERSONAL NAME
Personal name Jeffreys, G. V.
942 ## - ADDED ENTRY ELEMENTS (KOHA)
Koha item type General Book
Holdings
Withdrawn status Koha normalized classification for sorting Koha item type Lost status Price effective from Shelving location Date acquired Damaged status Source of classification or shelving scheme Copy number Koha date last seen Koha full call number Sublocation or collection (holding branch) Location (home branch) Not for loan Piece designation (barcode)
 660_280000000000000_JEN_1963General Book 2015-05-12Circulation section2015-05-12  12015-05-12660.28/JEN/1963Central Library, BUETCentral Library, BUET 22438
 660_280000000000000_JEN_1963General Book 2015-05-12Circulation section2015-05-12  22015-05-12660.28/JEN/1963Central Library, BUETCentral Library, BUET 22440
 660_280000000000000_JEN_1963General Book 2015-05-12Circulation section2015-05-12  32015-05-12660.28/JEN/1963Central Library, BUETCentral Library, BUET 22434
 660_280000000000000_JEN_1963General Book 2015-05-18Circulation section2015-05-18  42015-05-18660.28/JEN/1963Central Library, BUETCentral Library, BUET 22432
 660_280000000000000_JEN_1963General Book 2015-05-18Circulation section2015-05-18  52015-05-18660.28/JEN/1963Central Library, BUETCentral Library, BUET 22435
 660_280000000000000_JEN_1963General Book 2015-05-18Circulation section2015-05-18  62015-05-18660.28/JEN/1963Central Library, BUETCentral Library, BUET 29450
 660_280000000000000_JEN_1963General Book 2015-05-18Circulation section2015-05-18  72015-05-18660.28/JEN/1963Central Library, BUETCentral Library, BUET 29449
 660_280000000000000_JEN_1963General Book 2015-05-18Circulation section2015-05-18  82015-05-18660.28/JEN/1963Central Library, BUETCentral Library, BUET 29448
 660_280000000000000_JEN_1963General Book 2015-05-18Circulation section2015-05-18  92015-05-18660.28/JEN/1963Central Library, BUETCentral Library, BUET 29457
 660_280000000000000_JEN_1963General Book 2015-05-18Circulation section2015-05-18  102015-05-18660.28/JEN/1963Central Library, BUETCentral Library, BUET 29454
 660_280000000000000_JEN_1963General Book 2015-05-18Circulation section2015-05-18  112015-05-18660.28/JEN/1963Central Library, BUETCentral Library, BUET 29453
 660_280000000000000_JEN_1963General Book 2015-05-18Circulation section2015-05-18  122015-05-18660.28/JEN/1963Central Library, BUETCentral Library, BUET 29451
 660_280000000000000_JEN_1963General Book 2015-05-18Circulation section2015-05-18  132015-05-18660.28/JEN/1963Central Library, BUETCentral Library, BUET 22431
 660_280000000000000_JEN_1963General Book 2015-05-18Circulation section2015-05-18  142015-05-18660.28/JEN/1963Central Library, BUETCentral Library, BUET 29452
 660_280000000000000_JEN_1963General Book 2015-05-18Circulation section2015-05-18  152015-05-18660.28/JEN/1963Central Library, BUETCentral Library, BUET 22436
 660_280000000000000_JEN_1963Reading Item 2015-06-17Reading section2015-06-17  162015-06-17660.28/JEN/1963Central Library, BUETCentral Library, BUET 29456
 660_280000000000000_JEN_1963Reading Item 2015-06-18Reading section2015-06-18  172015-06-18660.28/JEN/1963Central Library, BUETCentral Library, BUET 29455.
 660_280000000000000_JEN_1963Reading Item 2015-07-10Reading section2015-07-10  182015-07-10660.28/JEN/1963Central Library, BUETCentral Library, BUET 22439